Ley y reglamento de incendios forestales
Publicado:
Madrid :
[Publicaciones del Ministerio de Agricultura, Secretaría General Técnica] ,
1973
Descripción Física:
62 p. ; 21 cm
MARC
| LEADER | 00000nam a2200000Ia 4500 | ||
|---|---|---|---|
| 001 | 14261 | ||
| 003 | BGR | ||
| 005 | 20260324175331.0 | ||
| 008 | 160829s1973 xx 000 0 cat d | ||
| 080 | |a D-2-142 | ||
| 110 | 1 | |a Espanya |b Ley de Incendios Forestales |9 71105 | |
| 245 | |a Ley y reglamento de incendios forestales | ||
| 260 | |a Madrid : |b [Publicaciones del Ministerio de Agricultura, Secretaría General Técnica], |c 1973 | ||
| 300 | |a 62 p. ; |c 21 cm | ||
| 590 | |a A la coberta: Ministerio de Agricultura, Instituto Nacional para la Conservación de la Naturaleza. | ||
| 590 | |a Conté: Reglamento sobre incendios forestales | ||
| 650 | |a Espanya. Ley sobre Incendios Forestales (1968) |9 27597 | ||
| 650 | 0 | |a Incendis forestals |z Espanya |x Dret i legislació |9 27598 | |
| 710 | 1 | |a Espanya |9 69580 |b Ministerio de Agricultura | |
| 710 | 1 | |a Instituto Nacional para la Conservación de la Naturaleza (Espanya) |9 71104 | |
| 901 | |a Arxiu | ||
| 942 | |n 1 |2 udc |c MON | ||
| 952 | |0 1 |1 0 |2 udc |4 0 |5 2 |6 D2142 |7 1 |9 44464 |a Arxiu |b Arxiu |d 2016-12-01 |l 0 |o D-2-142 |p 14261 |r 2016-12-01 00:00:00 |w 2016-12-01 |y ARXIU | ||
| 999 | |c 47045 |d 47045 | ||